000 01118nam a2200277Ia 4500
003 OSt
005 20220923211218.0
006 a|||||r|||| 00| 0
007 ta
008 220922b |||||||| |||| 00| 0 hin d
020 _a9788126717613 (hbk)
_c400
024 _a284,265
037 _bBR8585, 30/03/2015, Rajkamal Prakashan Pvt. Ltd
_cTextual
040 _aARTS
_cARTS
_bhin
041 _2hin
_ahin
082 _aO152,3N06,AK, L6;Q4
100 _aद्विवेदी, हजारीप्रसाद
_9159751
245 0 _aअनामदास का पोथा
_b अथ रैक्व आख्यान
246 _aAnāmadās kā pothā: ath raikva ākhyāna
250 _a5 संस्करण
260 _aनयी दिल्ली
_b राजकमल प्रकाशन
_c2014
300 _a236पृ.
_ccm.
650 _aहिन्दी साहित्य
_9156264
942 _hO152,3N06,AK, L6;Q4
_cTEXL
_2CC
999 _c297009
_d297009